Alfabetización académica y profesional en el siglo XXI. Leer y escribir desde las disciplinas
Guardat en:
| Altres autors: | |
|---|---|
| Format: | Llibre |
| Idioma: | espanyol |
| Publicat: |
Santiago, Chile
Ariel- Planeta
2010
|
| Edició: | 1a. ed |
| Matèries: | |
| Accés en línia: | Disponible Online |
| Etiquetes: |
Afegir etiqueta
Sense etiquetes, Sigues el primer a etiquetar aquest registre!
|
MARC
| LEADER | 00000cam a2200000 a 4500 | ||
|---|---|---|---|
| 001 | UCG0456 | ||
| 003 | CL-VaPUC | ||
| 005 | 20230314110846.0 | ||
| 008 | 100325e20100000CL |||||||||||||||||spa|d | ||
| 999 | |c 340079 |d 340077 | ||
| 020 | |a 9789562474931 | ||
| 040 | |c Pontificia Universidad Católica de Valparaíso | ||
| 082 | 0 | 4 | |a 808.066 PAR 2010 |2 21 |
| 100 | |a Parodi Sweis, Giovanni Emmanuel |e editor |9 524641 | ||
| 245 | 1 | 0 | |a Alfabetización académica y profesional en el siglo XXI. |b Leer y escribir desde las disciplinas |
| 250 | |a 1a. ed | ||
| 260 | |a Santiago, Chile |b Ariel- |b Planeta |c 2010 | ||
| 300 | |a 386 páginas | ||
| 500 | |a c.25 Donación VRA- N.Vásquez L | ||
| 583 | |a last modification |c 20130304 09:42:20 |k Rodrigo Vera | ||
| 650 | 0 | |a Redacción |9 320524 | |
| 650 | 0 | |a Ejercicios de escritura |9 346986 | |
| 650 | 0 | |a Lectura |9 307634 | |
| 650 | 0 | |a Educación superior |9 223851 | |
| 856 | |u http://bibliografiadigital.pucv.cl.pucv.idm.oclc.org/index.php/bibliotecapucv/catalog/book/843 |y Disponible Online | ||
| 942 | |c BK |2 ddc | ||
| 945 | |d 20100325 00:00:00 |a rbrito | ||
| 952 | |0 0 |1 0 |4 0 |6 808_066000000000000_PAR_2010_2010 |7 0 |8 A |9 434481 |a FDOPOS |b FDOPOS |d 2019-11-22 |i 465448K |o 808.066 PAR 2010 2010 |p 465448K |r 2025-01-22 |w 2019-11-22 |y BK |k DLA | ||
| 952 | |0 0 |1 0 |4 0 |6 808_066000000000000_PAR_2010_2010 |7 0 |8 A |9 434482 |a FDOPOS |b BIBEDU |d 2019-11-22 |i 4654498 |l 2 |o 808.066 PAR 2010 2010 |p 4654498 |r 2025-01-22 |s 2022-10-11 |w 2019-11-22 |y BK |k DLA | ||
| 952 | |0 0 |1 0 |4 0 |6 808_066000000000000_PAR_2010_2010 |7 0 |8 A |9 434483 |a FDOPOS |b FDOPOS |d 2019-11-22 |i 4654501 |o 808.066 PAR 2010 2010 |p 4654501 |r 2025-01-22 |w 2019-11-22 |y BK |k DLA | ||
| 952 | |0 0 |1 0 |4 0 |6 808_066000000000000_PAR_2010_2010 |7 0 |8 A |9 434484 |a FDOPOS |b FDOPOS |d 2019-11-22 |i 4659171 |o 808.066 PAR 2010 2010 |p 4659171 |r 2025-01-22 |w 2019-11-22 |y BK |k DLA | ||
| 952 | |0 0 |1 0 |4 0 |6 808_066000000000000_PAR_2010_2010 |7 0 |8 A |9 434485 |a FDOPOS |b BIBEDU |d 2019-11-22 |i 465918K |l 3 |o 808.066 PAR 2010 2010 |p 465918K |r 2025-01-22 |s 2022-05-16 |w 2019-11-22 |y BK |k DLA | ||
| 952 | |0 0 |1 0 |4 0 |6 808_066000000000000_PAR_2010_2010 |7 0 |8 A |9 434486 |a FDOPOS |b FDOPOS |d 2019-11-22 |i 4659198 |o 808.066 PAR 2010 2010 |p 4659198 |r 2025-01-22 |w 2019-11-22 |y BK |k DLA | ||
| 952 | |0 0 |1 0 |4 0 |6 808_066000000000000_PAR_2010_2010 |7 0 |8 A |9 434487 |a FDOPOS |b FDOPOS |d 2019-11-22 |i 4659201 |o 808.066 PAR 2010 2010 |p 4659201 |r 2025-01-22 |w 2019-11-22 |y BK |k DLA | ||
| 952 | |0 0 |1 0 |4 0 |6 808_066000000000000_PAR_2010_2010 |7 0 |8 A |9 434488 |a FDOPOS |b FDOPOS |d 2019-11-22 |i 465921K |o 808.066 PAR 2010 2010 |p 465921K |r 2025-01-22 |w 2019-11-22 |y BK |k DLA | ||
| 952 | |0 0 |1 0 |4 0 |6 808_066000000000000_PAR_2010_2010 |7 0 |8 A |9 434489 |a BIBEDU |b BIBEDU |d 2019-11-22 |i 4659252 |o 808.066 PAR 2010 2010 |p 4659252 |r 2019-11-22 |w 2019-11-22 |y BK |k LIT | ||
| 952 | |0 0 |1 0 |4 0 |6 808_066000000000000_PAR_2010_2010 |7 0 |8 A |9 434491 |a BIBEDU |b BIBEDU |d 2019-11-22 |i 4659287 |o 808.066 PAR 2010 2010 |p 4659287 |r 2019-11-22 |w 2019-11-22 |y BK |k LIT | ||
| 952 | |0 0 |1 0 |4 0 |6 808_066000000000000_PAR_2010_2010 |7 0 |8 A |9 434492 |a BIBEDU |b BIBEDU |d 2019-11-22 |i 4659295 |o 808.066 PAR 2010 2010 |p 4659295 |r 2019-11-22 |w 2019-11-22 |y BK |k LIT | ||
| 952 | |0 0 |1 0 |4 0 |6 808_066000000000000_PAR_2010_2010 |7 0 |8 A |9 434493 |a BIBEDU |b BIBEDU |d 2019-11-22 |i 4659309 |o 808.066 PAR 2010 2010 |p 4659309 |r 2019-11-22 |w 2019-11-22 |y BK |k LIT | ||
| 952 | |0 0 |1 0 |4 0 |6 808_066000000000000_PAR_2010_2010 |7 0 |8 A |9 434494 |a BIBEDU |b BIBEDU |d 2019-11-22 |i 4664574 |l 4 |o 808.066 PAR 2010 2010 |p 4664574 |r 2022-06-30 |s 2022-06-30 |w 2019-11-22 |y BK |k LIT | ||
| 952 | |0 0 |1 0 |4 0 |6 808_066000000000000_PAR_2010_2010 |7 0 |8 A |9 434495 |a BIBEDU |b BIBEDU |d 2019-11-22 |i 4664582 |o 808.066 PAR 2010 2010 |p 4664582 |r 2019-11-22 |w 2019-11-22 |y BK |k LIT | ||
| 952 | |0 0 |1 0 |4 0 |6 808_066000000000000_PAR_2010_2010 |7 0 |8 A |9 434496 |a BIBEDU |b BIBEDU |d 2019-11-22 |i 4664590 |o 808.066 PAR 2010 2010 |p 4664590 |r 2019-11-22 |w 2019-11-22 |y BK |k LIT | ||
| 952 | |0 0 |1 0 |4 0 |6 808_066000000000000_PAR_2010_2010 |7 0 |8 A |9 434497 |a FDOPOS |b FDOPOS |d 2019-11-22 |i 4779894 |o 808.066 PAR 2010 2010 |p 4779894 |r 2025-01-22 |w 2019-11-22 |y BK |k DLA | ||
| 952 | |0 0 |1 0 |4 0 |6 808_066000000000000_PAR_2010_2010 |7 0 |8 A |9 434498 |a FDOPOS |b FDOPOS |d 2019-11-22 |i 4779908 |o 808.066 PAR 2010 2010 |p 4779908 |r 2025-01-22 |w 2019-11-22 |y BK |k DLA | ||
| 952 | |0 0 |1 0 |4 0 |6 808_066000000000000_PAR_2010_2010 |7 0 |8 A |9 434499 |a FDOPOS |b FDOPOS |d 2019-11-22 |i 4779916 |o 808.066 PAR 2010 2010 |p 4779916 |r 2025-01-22 |w 2019-11-22 |y BK |k DLA | ||
| 952 | |0 0 |1 0 |4 0 |6 808_066000000000000_PAR_2010_2010 |7 0 |8 A |9 434500 |a FDOPOS |b FDOPOS |d 2019-11-22 |i 4779924 |l 3 |o 808.066 PAR 2010 2010 |p 4779924 |r 2025-01-22 |s 2022-07-20 |w 2019-11-22 |y BK |k DLA | ||
| 952 | |0 0 |1 0 |4 0 |6 808_066000000000000_PAR_2010_2010 |7 0 |8 A |9 434501 |a FDOPOS |b FDOPOS |d 2019-11-22 |i 4779932 |o 808.066 PAR 2010 2010 |p 4779932 |r 2025-01-22 |w 2019-11-22 |y BK |k DLA | ||
| 952 | |0 0 |1 0 |4 0 |6 808_066000000000000_PAR_2010_2010 |7 0 |8 A |9 434502 |a FDOPOS |b FDOPOS |d 2019-11-22 |i 4779940 |o 808.066 PAR 2010 2010 |p 4779940 |r 2025-01-22 |w 2019-11-22 |y BK |k DLA | ||
| 952 | |0 0 |1 0 |4 0 |6 808_066000000000000_PAR_2010_2010 |7 0 |8 A |9 434503 |a FDOPOS |b FDOPOS |d 2019-11-22 |i 4779959 |o 808.066 PAR 2010 2010 |p 4779959 |r 2025-01-22 |w 2019-11-22 |y BK |k DLA | ||
| 952 | |0 0 |1 0 |2 ddc |4 0 |6 808_066000000000000_PAR_2010 |7 0 |8 A |9 578000 |a BIBHIS |b BIBHIS |d 2021-06-03 |i 562178K |o 808.066 PAR 2010 |p 562178K |r 2025-01-20 |t 25 |w 2021-06-03 |y BK |k HIS | ||